| 000 | 00658nam a2200205Ia 4500 | ||
|---|---|---|---|
| 005 | 20250507130204.0 | ||
| 008 | 008 250505s9999 xx 000 0 eng d | ||
| 037 | _aSeries Article | ||
| 040 |
_aEASL _beng _cEASL |
||
| 041 |
_aeng _2eng |
||
| 084 | _qEASL | ||
| 100 | _aLin Wanlong | ||
| 245 | 0 | _aAre beijing's eqealization policies reaching poor?: An analysis of direct subsidis under the "three rurals "(sannong) | |
| 260 |
_aAustralia _bCanberra Australian National University Australia _c2012 |
||
| 300 | _a23-46p. | ||
| 650 | _aPolitics Law and Society | ||
| 700 | _aWong Christine | ||
| 942 | _cSRA | ||
| 999 |
_c1318217 _d1318217 |
||